[Event "POL-ch"]
[Site "Chorzow POL"]
[Date "2013.04.??"]
[Round "3"]
[White "Szelag, Marcin"]
[Black "Kanarek, Marcel"]
[Result "0-1"]
[WhiteElo "2484"]
[BlackElo "2482"]
[EventDate "2013.04.13"]
[PlyCount "98"]

1.e4 c5 2.Nf3 d6 3.d4 Nf6 4.Nc3 cxd4 5.Nxd4 g6 6.Be3 Bg7 7.f3 O-O 8.Qd2 
Nc6 9.Bc4 Nxd4 10.Bxd4 Be6 11.Bb3 Qa5 12.O-O-O b5 13.Kb1 b4 14.Nd5 Bxd5 
15.exd5 Qb5 16.Qd3 Qxd3 17.Rxd3 Nd7 18.Re1 Ne5 19.Rdd1 g5 20.c4 bxc3 21.
Bxc3 Rfc8 22.Re4 Rc7 23.Ba5 Rc5 24.Bb4 Rc7 25.Bd2 Bf6 26.Be3 Rb8 27.Ra4 
Rbb7 28.Bd4 Kg7 29.Rd2 Nd7 30.Bxf6+ Kxf6 31.Bc2 Nb6 32.Rad4 Nc4 33.R2d3 
Rxb2+ 34.Kc1 Rxa2 35.Kb1 Rb2+ 36.Kc1 Ra2 37.Kb1 Ra6 38.Bb3 Rb6 39.Ka2 Ra6+
40.Kb1 Ra3 41.h4 h6 42.hxg5+ hxg5 43.f4 g4 44.f5 Nd2+ 45.Rxd2 Rxb3+ 46.Ka2
Rbc3 47.Rxg4 Rc2+ 48.Rxc2 Rxc2+ 49.Kb3 Rc5 0-1

[Event "POL-ch"]
[Site "Chorzow POL"]
[Date "2013.04.??"]
[Round "3"]
[White "Urban, Klaudiusz"]
[Black "Czakon, Jakub"]
[Result "1/2-1/2"]
[WhiteElo "2467"]
[BlackElo "2485"]
[EventDate "2013.04.13"]
[PlyCount "126"]

1.d4 f5 2.g3 Nf6 3.Bg2 g6 4.c4 Bg7 5.Nc3 O-O 6.Nh3 Nc6 7.O-O d6 8.d5 Ne5 
9.b3 c5 10.Bb2 a6 11.a4 b6 12.Qd2 Rb8 13.Ng5 Ne8 14.h3 Nc7 15.f4 Nf7 16.
Nxf7 Rxf7 17.Nd1 Qf8 18.Bxg7 Qxg7 19.Nf2 Rb7 20.Rab1 Bd7 21.Nd3 a5 22.Rbe1
Rb8 23.Nf2 Rd8 24.e4 fxe4 25.Nxe4 h6 26.Re2 Na6 27.Kh2 Nb4 28.h4 Bf5 29.
Bh3 Bxh3 30.Kxh3 Kf8 31.Qc3 Na6 32.Qxg7+ Kxg7 33.Rfe1 Nc7 34.Nd2 Re8 35.
Kg4 Kf8 36.Ne4 Rg7 37.Kf3 Rd8 38.Kg4 Ne8 39.Kf3 Rf7 40.g4 Ng7 41.Ng3 Re8 
42.Re4 Kg8 43.h5 g5 44.f5 Kf8 45.R4e3 Rd8 46.R1e2 Rc8 47.Kg2 Rc7 48.Kh3 
Ne8 49.Re6 Rf6 50.Ne4 Kf7 51.Kg3 Ra7 52.Nc3 Rd7 53.Kg2 Kf8 54.Kg3 Kf7 55.
Ne4 Rb7 56.Re1 Rc7 57.Kf3 Rd7 58.Nxf6 Nxf6 59.R1e2 Rb7 60.Re1 Rc7 61.Kg3 
Rb7 62.R1e3 Rc7 63.Kf3 Rb7 1/2-1/2

[Event "POL-ch"]
[Site "Chorzow POL"]
[Date "2013.04.??"]
[Round "4"]
[White "Miton, Kamil"]
[Black "Swiercz, Dariusz"]
[Result "1/2-1/2"]
[WhiteElo "2628"]
[BlackElo "2622"]
[EventDate "2013.04.13"]
[PlyCount "80"]

1.d4 Nf6 2.c4 g6 3.Nc3 d5 4.Nf3 Bg7 5.e3 O-O 6.Be2 dxc4 7.O-O c5 8.dxc5 
Qa5 9.Qd4 Be6 10.Ng5 Bd7 11.Bd2 Na6 12.Qh4 h6 13.Nge4 g5 14.Nxf6+ exf6 15.
Qxc4 Qxc5 16.Qb3 Qb4 17.Qxb4 Nxb4 18.Nb5 Nd5 19.Rfd1 f5 20.Be1 Be6 21.Bf3 
Rad8 22.Nd4 g4 23.Nxe6 fxe6 24.Bxd5 Rxd5 25.Rxd5 exd5 26.Rd1 Rd8 27.Kf1 
Kf7 28.Ke2 Ke6 29.b3 Rc8 30.Kd3 h5 31.Bd2 Rc6 32.Rh1 b5 33.Rc1 Rxc1 34.
Bxc1 Be5 35.g3 b4 36.Bd2 a5 37.Be1 Bc7 38.Bd2 Be5 39.Be1 Bc7 40.Bd2 Be5 
1/2-1/2

[Event "POL-ch"]
[Site "Chorzow POL"]
[Date "2013.04.??"]
[Round "4"]
[White "Kempinski, Robert"]
[Black "Piorun, Kacper"]
[Result "1/2-1/2"]
[WhiteElo "2599"]
[BlackElo "2529"]
[EventDate "2013.04.13"]
[PlyCount "81"]

1.Nf3 Nf6 2.c4 c5 3.Nc3 Nc6 4.e3 e6 5.d4 d5 6.a3 a6 7.h3 cxd4 8.exd4 dxc4 
9.Bxc4 Be7 10.O-O O-O 11.Ba2 b5 12.Re1 Bb7 13.Bg5 h6 14.Bf4 Bd6 15.Be5 Be7
16.Qe2 b4 17.axb4 Nxb4 18.Bb1 a5 19.Nd2 Nc6 20.Nb3 Nxe5 21.dxe5 Nd5 22.Ne4
Qb6 23.Qd3 g6 24.Qg3 Kg7 25.Nd6 Bg5 26.Nxb7 Qxb7 27.Be4 a4 28.Nc5 Qxb2 29.
h4 Qb5 30.Nxe6+ fxe6 31.hxg5 h5 32.Rab1 Qd7 33.Bxd5 Qxd5 34.Rbd1 Qb7 35.
Rd6 Qe7 36.Qd3 Ra7 37.Ra1 Qxg5 38.Rxe6 Qf5 39.Qd4 Raf7 40.Rf6 Rxf6 41.
exf6+ 1/2-1/2

[Event "POL-ch"]
[Site "Chorzow POL"]
[Date "2013.04.??"]
[Round "4"]
[White "Gajewski, Grzegorz"]
[Black "Tomczak, Jacek"]
[Result "1-0"]
[WhiteElo "2653"]
[BlackElo "2564"]
[EventDate "2013.04.13"]
[PlyCount "101"]

1.Nf3 Nf6 2.c4 g6 3.Nc3 d5 4.cxd5 Nxd5 5.Qa4+ Bd7 6.Qh4 Nxc3 7.bxc3 c5 8.
Rb1 Qc7 9.Qg3 Qxg3 10.hxg3 b6 11.e4 Bg7 12.d4 O-O 13.Bh6 Bxh6 14.Rxh6 Kg7 
15.Rh1 cxd4 16.cxd4 Nc6 17.Bb5 Rfd8 18.Ke2 Na5 19.Bxd7 Rxd7 20.Rhc1 e5 21.
dxe5 Nb7 22.Rd1 Re7 23.Rd5 Rc8 24.Rbd1 Rc4 25.R1d4 Rc2+ 26.Rd2 Rc4 27.R5d4
Rcc7 28.g4 h6 29.g3 Na5 30.Rd5 Nc6 31.a3 Na5 32.Nd4 Nc4 33.Rc2 Nxa3 34.
Rxc7 Rxc7 35.f4 Nb1 36.Rd8 Nc3+ 37.Kf3 Re7 38.Rc8 Na4 39.Nb5 f6 40.exf6+ 
Kxf6 41.Rc6+ Kf7 42.f5 Nc5 43.Nd6+ Kg7 44.Nc8 Rd7 45.Rxg6+ Kh7 46.e5 Nd3 
47.Ke4 Nc5+ 48.Ke3 Rd3+ 49.Ke2 Rd5 50.e6 Rd8 51.Nd6 1-0

[Event "POL-ch"]
[Site "Chorzow POL"]
[Date "2013.04.??"]
[Round "4"]
[White "Markowski, Tomasz"]
[Black "Socko, Bartosz"]
[Result "1/2-1/2"]
[WhiteElo "2558"]
[BlackElo "2651"]
[EventDate "2013.04.13"]
[PlyCount "81"]

1.d4 Nf6 2.Nf3 e6 3.e3 d5 4.Nbd2 c5 5.b3 Nc6 6.Bb2 Bd6 7.a3 O-O 8.Bd3 cxd4
9.exd4 Nd7 10.O-O Re8 11.Re1 b6 12.c4 Bb7 13.cxd5 exd5 14.Rxe8+ Qxe8 15.
Qc2 Nf6 16.Re1 Qf8 17.b4 a5 18.b5 Ne7 19.Ne5 Ng6 20.g3 Re8 21.Qb3 Re7 22.
Re2 Qe8 23.f4 Nd7 24.Qd1 f6 25.Ng4 Rxe2 26.Qxe2 Qxe2 27.Bxe2 Ne7 28.Bd3 f5
29.Ne5 Nf6 30.Kf1 g6 31.Ke2 Nc8 32.Nf1 Ne7 33.Ne3 Kg7 34.Bc2 Bc8 35.Bb3 
Be6 36.a4 h6 37.Bc3 Ne4 38.Be1 Nf6 39.Bc3 Ne4 40.Be1 Nf6 41.Bc3 1/2-1/2

[Event "POL-ch"]
[Site "Chorzow POL"]
[Date "2013.04.??"]
[Round "4"]
[White "Bartel, Mateusz"]
[Black "Tazbir, Marcin"]
[Result "1-0"]
[WhiteElo "2619"]
[BlackElo "2555"]
[EventDate "2013.04.13"]
[PlyCount "65"]

1.d4 d5 2.Nf3 Nf6 3.g3 g6 4.Bg2 Bg7 5.O-O O-O 6.c4 dxc4 7.Na3 c3 8.bxc3 c5
9.Qb3 Nc6 10.Rd1 Na5 11.Qb2 Qb6 12.Ne5 Be6 13.e4 Nd7 14.Nxd7 Qxb2 15.Bxb2 
Bxd7 16.e5 Rfd8 17.f4 f6 18.Rd2 fxe5 19.dxe5 Bg4 20.Rd5 Rxd5 21.Bxd5+ e6 
22.Bg2 Rd8 23.c4 Be2 24.Re1 Rd2 25.Bc3 Rxa2 26.Bxa5 Rxa3 27.Rxe2 Rxa5 28.
Bxb7 g5 29.f5 Ra1+ 30.Kg2 Rb1 31.Be4 Rb4 32.fxe6 Rb6 33.Rf2 1-0

[Event "POL-ch"]
[Site "Chorzow POL"]
[Date "2013.04.??"]
[Round "4"]
[White "Grabarczyk, Miroslaw"]
[Black "Macieja, Bartlomiej"]
[Result "1/2-1/2"]
[WhiteElo "2452"]
[BlackElo "2608"]
[EventDate "2013.04.13"]
[PlyCount "37"]

1.d4 Nf6 2.c4 g6 3.Nf3 Bg7 4.g3 c5 5.d5 b5 6.cxb5 a6 7.bxa6 d6 8.Nc3 O-O 
9.Bg2 Bxa6 10.O-O Nbd7 11.Rb1 Qa5 12.Bd2 Ng4 13.Qc2 Nge5 14.Nxe5 Bxe5 15.
b3 Qa3 16.Bc1 Qb4 17.Bd2 Qa3 18.Bc1 Qb4 19.Bd2 1/2-1/2

[Event "POL-ch"]
[Site "Chorzow POL"]
[Date "2013.04.??"]
[Round "4"]
[White "Bulski, Krzysztof"]
[Black "Pakleza, Zbigniew"]
[Result "1/2-1/2"]
[WhiteElo "2549"]
[BlackElo "2486"]
[EventDate "2013.04.13"]
[PlyCount "104"]

1.e4 c6 2.d4 d5 3.Nd2 dxe4 4.Nxe4 Nf6 5.Nxf6+ gxf6 6.c3 h5 7.h4 Qd5 8.Qf3 
Qxf3 9.Nxf3 Bf5 10.Be3 e6 11.O-O-O Nd7 12.Ng1 Nb6 13.Bd3 Bxd3 14.Rxd3 Nd5 
15.Bd2 Rg8 16.g3 b5 17.Nh3 Bd6 18.Kc2 a5 19.Re1 a4 20.Rf3 Kd7 21.Bf4 Be7 
22.Bd2 Bd6 23.Bf4 Rg4 24.Bxd6 Kxd6 25.Re2 f5 26.Re1 f6 27.Kd3 Rag8 28.Ke2 
Re4+ 29.Kf1 Rxe1+ 30.Kxe1 Rg4 31.Kd2 c5 32.dxc5+ Kxc5 33.Nf4 Nxf4 34.Rxf4 
Rg8 35.b3 axb3 36.axb3 Ra8 37.b4+ Kc6 38.c4 Ra3 39.Rd4 bxc4 40.Rxc4+ Kb5 
41.Rc5+ Kxb4 42.Rc6 f4 43.gxf4 Rf3 44.Rxe6 Rxf4 45.Ke3 Rxh4 46.Rxf6 Kc5 
47.Kf3 Kd5 48.Rf4 Rxf4+ 49.Kxf4 h4 50.Kg4 Ke4 51.f4 h3 52.Kxh3 Kxf4 
1/2-1/2

[Event "POL-ch"]
[Site "Chorzow POL"]
[Date "2013.04.??"]
[Round "4"]
[White "Kanarek, Marcel"]
[Black "Jaracz, Pawel"]
[Result "1/2-1/2"]
[WhiteElo "2482"]
[BlackElo "2548"]
[EventDate "2013.04.13"]
[PlyCount "147"]

1.d4 d5 2.c4 c6 3.Nc3 Nf6 4.Nf3 e6 5.Bg5 Nbd7 6.e3 Qa5 7.cxd5 Nxd5 8.Qd2 
Bb4 9.Rc1 b6 10.a3 Bxc3 11.bxc3 h6 12.Bh4 c5 13.c4 Qxd2+ 14.Nxd2 Ne7 15.f3
Bb7 16.Bd3 Rd8 17.Ke2 f5 18.Nb3 Rc8 19.Bf2 Kf7 20.Rhd1 Rhd8 21.a4 Ba6 22.
a5 bxa5 23.Nxa5 Nb6 24.Ke1 Rd7 25.Be2 g5 26.dxc5 Rxd1+ 27.Rxd1 Rxc5 28.Nb3
Rc8 29.c5 Bxe2 30.Kxe2 Nbd5 31.Rc1 Nc6 32.Nd2 Rb8 33.Nc4 Rb4 34.Bg3 Rb3 
35.e4 fxe4 36.fxe4 Nc3+ 37.Kf1 Kf6 38.Nd2 Rb2 39.Rxc3 Rxd2 40.Rf3+ Kg7 41.
Bd6 Rd4 42.Ra3 a5 43.Rb3 Kf6 44.Rb6 Ne5 45.Ra6 a4 46.Kf2 Rxe4 47.c6 Rf4+ 
48.Ke2 Re4+ 49.Kf2 Rf4+ 50.Kg1 Rc4 51.c7 Nf7 52.Bg3 Ne5 53.Ra5 Nd3 54.h4 
e5 55.Rxa4 Rxc7 56.Ra6+ Kg7 57.Re6 Rc5 58.h5 Nf4 59.Bxf4 exf4 60.Rg6+ Kh7 
61.Kh2 Rc2 62.Rf6 Kg7 63.Rg6+ Kh7 64.Rf6 Rc3 65.Rf7+ Kg8 66.Rf6 Kg7 67.
Rg6+ Kh7 68.Ra6 g4 69.Rg6 g3+ 70.Kh3 Rc5 71.Kg4 Rg5+ 72.Kxf4 Rxg6 73.hxg6+
Kxg6 74.Kxg3 1/2-1/2

[Event "POL-ch"]
[Site "Chorzow POL"]
[Date "2013.04.??"]
[Round "4"]
[White "Szelag, Marcin"]
[Black "Gajek, Radoslaw"]
[Result "1-0"]
[WhiteElo "2484"]
[BlackElo "2303"]
[EventDate "2013.04.13"]
[PlyCount "52"]

1.e4 c5 2.Nf3 d6 3.d4 cxd4 4.Nxd4 Nf6 5.Nc3 a6 6.Be3 e6 7.f3 b5 8.Qd2 Nbd7
9.g4 h6 10.O-O-O b4 11.Nce2 Qc7 12.h4 d5 13.Bf4 Qa5 14.Kb1 dxe4 15.fxe4 
Nxg4 16.Bg2 Nge5 17.Bh3 Be7 18.Ng3 g6 19.Rhf1 Qb6 20.b3 Bb7 21.Bxe5 Nxe5 
22.Qf4 Qa5 23.Bxe6 fxe6 24.Nxe6 Rg8 25.Qxh6 Nd7 26.Qh7 Nf6 1-0

[Event "POL-ch"]
[Site "Chorzow POL"]
[Date "2013.04.??"]
[Round "4"]
[White "Czakon, Jakub"]
[Black "Orzech, Dominik"]
[Result "1-0"]
[WhiteElo "2485"]
[BlackElo "2379"]
[EventDate "2013.04.13"]
[PlyCount "67"]

1.f4 Nf6 2.Nf3 c5 3.g3 b6 4.Bg2 Bb7 5.O-O g6 6.d3 Bg7 7.e4 O-O 8.Nc3 d6 9.
h3 Nc6 10.g4 Nd4 11.Be3 Ne8 12.f5 e6 13.Qd2 b5 14.fxe6 fxe6 15.Ng5 Nc7 16.
Rxf8+ Bxf8 17.Rf1 Bg7 18.Nf7 Qd7 19.Nh6+ Bxh6 20.Bxh6 b4 21.e5 Bxg2 22.
Qxg2 d5 23.Nd1 Nc6 24.Qg3 Qe7 25.Qe3 d4 26.Qg3 Nd5 27.Nf2 Qc7 28.Ne4 Nxe5 
29.Nf6+ Kh8 30.Nxd5 exd5 31.Re1 Re8 32.Bf4 Nf3+ 33.Kf2 Qxf4 34.Rxe8+ 1-0

[Event "POL-ch"]
[Site "Chorzow POL"]
[Date "2013.04.??"]
[Round "4"]
[White "Licznerski, Lukasz"]
[Black "Urban, Klaudiusz"]
[Result "0-1"]
[WhiteElo "2338"]
[BlackElo "2467"]
[EventDate "2013.04.13"]
[PlyCount "46"]

1.e4 g6 2.d4 Bg7 3.Nf3 d6 4.Bc4 Nc6 5.d5 Nb8 6.h3 Nf6 7.Nc3 O-O 8.O-O e5 
9.dxe6 Bxe6 10.Bxe6 fxe6 11.Qe2 Nh5 12.Qc4 Qd7 13.Ng5 Re8 14.f4 Qc6 15.Qd3
Na6 16.g4 Nc5 17.Qc4 Ng3 18.Rf3 Bxc3 19.Rxg3 Bf6 20.Nf3 Nxe4 21.Qxc6 bxc6 
22.Rg2 Rab8 23.c3 Nxc3 0-1

[Event "POL-ch"]
[Site "Chorzow POL"]
[Date "2013.04.??"]
[Round "5"]
[White "Piorun, Kacper"]
[Black "Gajewski, Grzegorz"]
[Result "1/2-1/2"]
[WhiteElo "2529"]
[BlackElo "2653"]
[EventDate "2013.04.13"]
[PlyCount "81"]

1.c4 e5 2.g3 Nf6 3.Bg2 Nc6 4.Nc3 Bc5 5.Nf3 d6 6.O-O O-O 7.d3 h6 8.a3 a5 9.
e3 Bb6 10.b3 Bg4 11.h3 Bf5 12.d4 e4 13.Nd2 Re8 14.Bb2 Bg6 15.Rc1 Ba7 16.
Kh2 Qe7 17.Nd5 Nxd5 18.cxd5 Nd8 19.f3 exf3 20.Nxf3 Be4 21.Nh4 Bxg2 22.Nxg2
c6 23.dxc6 Nxc6 24.Qf3 Rad8 25.d5 Ne5 26.Bxe5 dxe5 27.e4 Rd7 28.a4 Rc7 29.
Ne3 Rxc1 30.Rxc1 Qg5 31.Rc3 Bxe3 32.h4 Qg6 33.Qxe3 f5 34.exf5 Qxf5 35.d6 
e4 36.Rc4 Qe6 37.Rd4 Rd8 38.Rxe4 Qxd6 39.Re8+ Rxe8 40.Qxe8+ Qf8 41.Qb5 
1/2-1/2

[Event "POL-ch"]
[Site "Chorzow POL"]
[Date "2013.04.??"]
[Round "5"]
[White "Socko, Bartosz"]
[Black "Miton, Kamil"]
[Result "1/2-1/2"]
[WhiteElo "2651"]
[BlackElo "2628"]
[EventDate "2013.04.13"]
[PlyCount "81"]

1.d4 d5 2.c4 c6 3.Nc3 Nf6 4.cxd5 cxd5 5.Bf4 Nc6 6.e3 a6 7.Bd3 Bg4 8.Nge2 
e6 9.O-O Be7 10.Rc1 O-O 11.Na4 Bh5 12.Qb3 Ra7 13.Nc5 Ne4 14.Nxb7 Qd7 15.
Qb6 Rxb7 16.Qxc6 Qxc6 17.Rxc6 Bxe2 18.Bxe2 Rxb2 19.Bxa6 Rxa2 20.f3 Nf6 21.
Rb1 Ra8 22.Bf1 R2a7 23.g4 h6 24.Kg2 Ne8 25.Bb8 Rd7 26.Bg3 Bd6 27.Bf2 Rc7 
28.Rbb6 Rxc6 29.Rxc6 Kf8 30.h4 Ra2 31.Bd3 Rb2 32.Kf1 Ke7 33.Ra6 Rb3 34.Ke2
Rb2+ 35.Kf1 Rb3 36.Ke2 Rb2+ 37.Kf1 Rb3 38.Ke2 Rb2+ 39.Kf1 Rb3 40.Ke2 Rb2+ 
41.Kf1 1/2-1/2

[Event "POL-ch"]
[Site "Chorzow POL"]
[Date "2013.04.??"]
[Round "5"]
[White "Macieja, Bartlomiej"]
[Black "Dragun, Kamil"]
[Result "0-1"]
[WhiteElo "2608"]
[BlackElo "2492"]
[EventDate "2013.04.13"]
[PlyCount "96"]

1.Nf3 Nf6 2.c4 e6 3.g3 d5 4.Bg2 dxc4 5.Qa4+ c6 6.Qxc4 b5 7.Qb3 Bb7 8.d4 
Nbd7 9.Bg5 Be7 10.O-O O-O 11.Nc3 a6 12.Rfd1 h6 13.Bxf6 Nxf6 14.Ne5 Qc7 15.
Nd3 c5 16.dxc5 Bxg2 17.Kxg2 Bxc5 18.Rac1 Bd4 19.a4 Rab8 20.axb5 axb5 21.
Nb1 Qb7+ 22.Kg1 Ne4 23.Qb4 Rfd8 24.Qe1 Ba7 25.Rc2 b4 26.b3 Rxd3 27.exd3 
Ng5 28.Kf1 Qh1+ 29.Ke2 Qxh2 30.Qg1 Qh3 31.Rc4 Qf5 32.Qg2 Nh3 33.f4 Nf2 34.
Rd2 Qh5+ 35.Qf3 Qh2 36.Kf1 Qh3+ 37.Qg2 Qf5 38.Qf3 Ng4 39.Ke2 Nh2 40.Qg2 
Qg4+ 41.Ke1 Nf3+ 42.Kd1 Nxd2+ 43.Kxd2 h5 44.d4 h4 45.Ke3 Rd8 46.Qf3 Bxd4+ 
47.Ke2 Qh3 48.gxh4 Qh2+ 0-1

[Event "POL-ch"]
[Site "Chorzow POL"]
[Date "2013.04.??"]
[Round "5"]
[White "Tazbir, Marcin"]
[Black "Kanarek, Marcel"]
[Result "1-0"]
[WhiteElo "2555"]
[BlackElo "2482"]
[EventDate "2013.04.13"]
[PlyCount "129"]

1.d4 Nf6 2.c4 d6 3.Nc3 Nbd7 4.g3 e5 5.Bg2 c6 6.Nf3 e4 7.Nd2 d5 8.Qb3 Nb6 
9.c5 Nbd7 10.Qc2 g6 11.O-O Bg7 12.b4 a6 13.f3 exf3 14.exf3 O-O 15.Nb3 Re8 
16.Na4 Ra7 17.Bd2 Nf8 18.Rfe1 Rxe1+ 19.Rxe1 Bf5 20.Qc3 h5 21.h3 N6d7 22.g4
Be6 23.Nb2 Bf6 24.Bf4 hxg4 25.fxg4 Nh7 26.Nd3 Ng5 27.Nf2 Nh7 28.Nd3 Bh4 
29.Re2 Ng5 30.Ne5 Ne4 31.Qe3 Ra8 32.Nf3 Bg3 33.Nfd2 Bxf4 34.Qxf4 Nc3 35.
Rf2 Nxa2 36.Na5 Nxb4 37.Nxb7 Qb8 38.Qxb8+ Rxb8 39.Na5 Rb5 40.Ndb3 Nd3 41.
Rd2 Nc1 42.Nxc1 Rxa5 43.Bf1 Ra1 44.Nd3 a5 45.Rb2 Ra4 46.Rb7 Rxd4 47.Rc7 a4
48.Rxc6 Rxd3 49.Bxd3 Ne5 50.Ra6 Nxd3 51.Rxe6 Nxc5 52.Rd6 Ne6 53.Rxd5 f5 
54.gxf5 Nf4 55.Rd8+ Kg7 56.Kh2 gxf5 57.Rd4 Ng6 58.Rxa4 f4 59.Ra6 Kh6 60.h4
Kg7 61.Kh3 f3 62.Kg3 f2 63.Ra1 Ne7 64.Kxf2 Nf5 65.Ra4 1-0

[Event "POL-ch"]
[Site "Chorzow POL"]
[Date "2013.04.??"]
[Round "5"]
[White "Jaracz, Pawel"]
[Black "Bulski, Krzysztof"]
[Result "1/2-1/2"]
[WhiteElo "2548"]
[BlackElo "2549"]
[EventDate "2013.04.13"]
[PlyCount "29"]

1.Nf3 Nf6 2.c4 g6 3.Nc3 d5 4.cxd5 Nxd5 5.Qb3 Nb6 6.d4 Bg7 7.Bf4 O-O 8.e3 
c6 9.Be2 Be6 10.Qa3 N8d7 11.O-O Nc4 12.Qa4 Ncb6 13.Qa3 Nc4 14.Qa4 Ncb6 15.
Qa3 1/2-1/2

[Event "POL-ch"]
[Site "Chorzow POL"]
[Date "2013.04.??"]
[Round "5"]
[White "Pakleza, Zbigniew"]
[Black "Grabarczyk, Miroslaw"]
[Result "1/2-1/2"]
[WhiteElo "2486"]
[BlackElo "2452"]
[EventDate "2013.04.13"]
[PlyCount "102"]

1.d4 d5 2.Bf4 c5 3.e3 Nc6 4.c3 Nf6 5.Nd2 e6 6.Ngf3 Bd6 7.Bg3 Bxg3 8.hxg3 
Qd6 9.Qa4 O-O 10.Qa3 b6 11.Nb3 Nd7 12.O-O-O a5 13.Rh4 h6 14.e4 Bb7 15.exd5
exd5 16.Bb5 Rfc8 17.dxc5 bxc5 18.Ra4 Nb6 19.Qxc5 Qxc5 20.Nxc5 Nxa4 21.Bxa4
Nd8 22.Nxb7 Nxb7 23.Rxd5 Nc5 24.Bc2 Ra7 25.Bf5 Ne6 26.Nd4 Re8 27.Bxe6 fxe6
28.Re5 a4 29.f4 Kf7 30.g4 Kf6 31.Rb5 g5 32.f5 exf5 33.gxf5 Ra6 34.Kd2 h5 
35.Rb7 g4 36.Rh7 Kg5 37.g3 Rb8 38.Ne6+ Kxf5 39.Rxh5+ Kf6 40.Rh6+ Ke5 41.
Rh5+ Kf6 42.Nc5 Rd6+ 43.Kc2 Re8 44.Nxa4 Re2+ 45.Kb3 Rd3 46.Nb6 Rxg3 47.
Nd5+ Kf7 48.Rg5 Rgg2 49.Kc4 Rxb2 50.Ne3 Rxa2 51.Nxg2 Rxg2 1/2-1/2

[Event "POL-ch"]
[Site "Chorzow POL"]
[Date "2013.04.??"]
[Round "5"]
[White "Hnydiuk, Aleksander"]
[Black "Czakon, Jakub"]
[Result "1-0"]
[WhiteElo "2400"]
[BlackElo "2485"]
[EventDate "2013.04.13"]
[PlyCount "83"]

1.e4 e5 2.Nf3 Nc6 3.Nc3 Nf6 4.d4 exd4 5.Nxd4 Bb4 6.Nxc6 bxc6 7.Bd3 d5 8.
exd5 cxd5 9.O-O O-O 10.h3 c6 11.Qf3 h6 12.Ne2 Bd6 13.Bf4 Bxf4 14.Qxf4 Qb6 
15.b3 Re8 16.Ng3 c5 17.Rfe1 Bd7 18.Qd2 Qc7 19.Rxe8+ Rxe8 20.Re1 Rxe1+ 21.
Qxe1 c4 22.bxc4 dxc4 23.Bf1 c3 24.Bd3 Be6 25.a3 Qa5 26.Qb1 g6 27.Qc1 Kg7 
28.Ne2 Bf5 29.Bxf5 gxf5 30.Qf4 Qc5 31.Qg3+ Kh7 32.Qxc3 Qb6 33.Qe5 Qa6 34.
Qxf5+ Kg7 35.Qd3 Qa5 36.g3 Qe1+ 37.Kg2 Kg8 38.Qe3 Nd5 39.Qxh6 Qxe2 40.Qg5+
Kf8 41.Qxd5 Qxc2 42.Qa8+ 1-0

[Event "POL-ch"]
[Site "Chorzow POL"]
[Date "2013.04.??"]
[Round "5"]
[White "Urban, Klaudiusz"]
[Black "Szelag, Marcin"]
[Result "1/2-1/2"]
[WhiteElo "2467"]
[BlackElo "2484"]
[EventDate "2013.04.13"]
[PlyCount "52"]

1.d4 Nf6 2.c4 g6 3.Nc3 Bg7 4.e4 d6 5.f3 O-O 6.Be3 a6 7.Qd2 Nbd7 8.Nge2 c5 
9.Rd1 b6 10.Bh6 Bb7 11.h4 cxd4 12.Bxg7 Kxg7 13.Nxd4 h5 14.Be2 Rc8 15.Nd5 
e6 16.Nxf6 Qxf6 17.Qg5 Ne5 18.b3 Rc5 19.Qxf6+ Kxf6 20.Kf2 Ke7 21.Rhe1 Nd7 
22.Rd2 Rd8 23.Bd3 Ne5 24.Be2 Nd7 25.Bd3 Ne5 26.Be2 Nd7 1/2-1/2

[Event "POL-ch"]
[Site "Chorzow POL"]
[Date "2013.04.??"]
[Round "5"]
[White "Drozdowski, Kacper"]
[Black "Gajek, Radoslaw"]
[Result "1/2-1/2"]
[WhiteElo "2432"]
[BlackElo "2303"]
[EventDate "2013.04.13"]
[PlyCount "98"]

1.d4 Nf6 2.c4 e6 3.Nf3 b6 4.g3 Ba6 5.Qa4 Bb7 6.Bg2 c5 7.dxc5 bxc5 8.O-O 
Be7 9.Nc3 O-O 10.Rd1 Qb6 11.Bf4 d6 12.Rd2 Nc6 13.Bxd6 Bxd6 14.Rxd6 Qxb2 
15.Rb1 Qxc3 16.Rxb7 Nd4 17.Qd1 Rad8 18.Rxd8 Rxd8 19.Nxd4 cxd4 20.Rxa7 Qxc4
21.a4 e5 22.Qd3 Qc1+ 23.Bf1 Qc5 24.Rb7 g6 25.Qb3 Rd7 26.Rb5 Qc3 27.a5 Ne4 
28.Rb8+ Kg7 29.Qb5 Re7 30.Qb4 Qxb4 31.Rxb4 Ra7 32.Rb5 Nd2 33.Rxe5 Nb3 34.
Bg2 Rxa5 35.Rxa5 Nxa5 36.Bd5 f5 37.f4 Kf6 38.Kf2 Ke7 39.Kf3 Kd6 40.Bg8 Nc6
41.Bxh7 Ne7 42.g4 Ke6 43.h4 Kf6 44.h5 gxh5 45.gxh5 Kg7 46.Bxf5 Nxf5 47.Ke4
Kf6 48.h6 Nxh6 49.Kxd4 Kf5 1/2-1/2

[Event "POL-ch"]
[Site "Chorzow POL"]
[Date "2013.04.??"]
[Round "5"]
[White "Orzech, Dominik"]
[Black "Licznerski, Lukasz"]
[Result "1/2-1/2"]
[WhiteElo "2379"]
[BlackElo "2338"]
[EventDate "2013.04.13"]
[PlyCount "94"]

1.Nf3 Nf6 2.c4 g6 3.Nc3 d5 4.d4 Bg7 5.Qa4+ Bd7 6.Qb3 dxc4 7.Qxc4 O-O 8.e4 
Nc6 9.e5 Be6 10.exf6 Bxc4 11.fxg7 Kxg7 12.Bxc4 Nxd4 13.Nxd4 Qxd4 14.Be2 
Rfd8 15.O-O c6 16.Bg5 Qc5 17.Be3 Qb4 18.Rab1 Rd7 19.Rfc1 Rad8 20.a3 Qb3 
21.h4 Rd2 22.Bxd2 Rxd2 23.Bd1 Qb6 24.Be2 Rxb2 25.g3 Rxb1 26.Rxb1 Qc5 27.
Rb3 b5 28.Kg2 a5 29.Nd1 Qd5+ 30.Rf3 b4 31.axb4 axb4 32.Ne3 Qe4 33.Bd1 c5 
34.Bb3 e6 35.g4 Kf8 36.Kg3 f5 37.Rf4 Qe5 38.Kf3 Ke7 39.Rc4 h6 40.Bc2 Qd6 
41.gxf5 gxf5 42.Bxf5 b3 43.Ke2 Qa6 44.Be4 Qa2+ 45.Kf3 b2 46.Rxc5 b1=R 47.
Bxb1 Qxb1 1/2-1/2

[Event "POL-ch"]
[Site "Chorzow POL"]
[Date "2013.04.??"]
[Round "6"]
[White "Miton, Kamil"]
[Black "Dragun, Kamil"]
[Result "0-1"]
[WhiteElo "2628"]
[BlackElo "2492"]
[EventDate "2013.04.13"]
[PlyCount "80"]

1.Nf3 Nf6 2.c4 e6 3.g3 d5 4.d4 dxc4 5.Bg2 c5 6.O-O Nc6 7.Ne5 Bd7 8.Na3 
cxd4 9.Naxc4 Bc5 10.Qb3 O-O 11.Bf4 Rc8 12.Nd3 b5 13.Nxc5 bxc4 14.Qxc4 e5 
15.Bg5 Na5 16.Qc2 Bc6 17.Bxc6 Rxc6 18.b4 Nb7 19.Qa4 Qc7 20.Qxa7 Nxc5 21.
Qxc7 Rxc7 22.Bxf6 gxf6 23.bxc5 Rxc5 24.Rfc1 Rxc1+ 25.Rxc1 Ra8 26.Ra1 Kf8 
27.a4 Ra5 28.Kf1 f5 29.Ke1 Ke7 30.Kd2 e4 31.f3 h5 32.h3 Kd6 33.g4 hxg4 34.
hxg4 fxg4 35.fxe4 Ke5 36.Kd3 g3 37.Rf1 Rxa4 38.Rf5+ Ke6 39.Rg5 f6 40.Rg4 
Ra5 0-1

[Event "POL-ch"]
[Site "Chorzow POL"]
[Date "2013.04.??"]
[Round "6"]
[White "Bartel, Mateusz"]
[Black "Piorun, Kacper"]
[Result "1-0"]
[WhiteElo "2619"]
[BlackElo "2529"]
[EventDate "2013.04.13"]
[PlyCount "57"]

1.e4 e6 2.d4 d5 3.Nc3 Nf6 4.Bg5 Bb4 5.e5 h6 6.Bh4 g5 7.Bg3 Ne4 8.Ne2 f5 9.
f3 Nxg3 10.hxg3 c5 11.a3 Bxc3+ 12.Nxc3 Bd7 13.dxc5 Qc7 14.f4 Qxc5 15.Qh5+ 
Kd8 16.O-O-O Nc6 17.Bd3 Be8 18.Qe2 Nd4 19.Qd2 g4 20.Bf1 Nc6 21.b4 Qe7 22.
Kb2 a6 23.Bd3 Qf8 24.Qf2 Rh7 25.Qb6+ Kc8 26.Ne2 Rc7 27.c4 a5 28.b5 Nd8 29.
cxd5 1-0

[Event "POL-ch"]
[Site "Chorzow POL"]
[Date "2013.04.??"]
[Round "6"]
[White "Tazbir, Marcin"]
[Black "Socko, Bartosz"]
[Result "0-1"]
[WhiteElo "2555"]
[BlackElo "2651"]
[EventDate "2013.04.13"]
[PlyCount "54"]

1.e4 e6 2.d4 d5 3.Nc3 Bb4 4.e5 Ne7 5.a3 Bxc3+ 6.bxc3 c5 7.h4 Qc7 8.Nf3 Bd7
9.h5 h6 10.Bd3 Ba4 11.Bf4 Nd7 12.Qd2 O-O-O 13.g4 Nb6 14.Kf1 Nc4 15.Qc1 Qa5
16.Qe1 Kb8 17.Ra2 Rc8 18.Kg2 Ka8 19.g5 hxg5 20.Nxg5 cxd4 21.cxd4 Qxe1 22.
Rxe1 Rxh5 23.c3 Nb6 24.Re3 Be8 25.Bc2 Na4 26.Bd1 Ng6 27.Kg3 Rh4 0-1

[Event "POL-ch"]
[Site "Chorzow POL"]
[Date "2013.04.??"]
[Round "6"]
[White "Kempinski, Robert"]
[Black "Tomczak, Jacek"]
[Result "1/2-1/2"]
[WhiteElo "2599"]
[BlackElo "2564"]
[EventDate "2013.04.13"]
[PlyCount "80"]

1.Nf3 Nf6 2.c4 g6 3.b4 Bg7 4.Bb2 O-O 5.e3 b6 6.d4 d5 7.cxd5 Nxd5 8.b5 a6 
9.e4 Nf4 10.Qd2 Bh6 11.Qc3 Bg7 12.Qe3 Ne6 13.e5 Bb7 14.Nbd2 Qd7 15.a4 Rd8 
16.Rc1 c5 17.Nb3 axb5 18.Bxb5 Bc6 19.Bxc6 Nxc6 20.dxc5 Qd3 21.Qxd3 Rxd3 
22.Nfd2 bxc5 23.Nxc5 Nxc5 24.Rxc5 Rad8 25.Rxc6 Rxd2 26.Rc8 Rd1+ 27.Ke2 
Rd2+ 28.Ke1 Bh6 29.Rxd8+ Rxd8 30.Rf1 Ra8 31.Ke2 Rxa4 32.Kd3 e6 33.Bc3 Bf8 
34.Rb1 Bc5 35.f3 h5 36.Rb5 Be7 37.Rb7 Kf8 38.Bd2 Ra3+ 39.Kc4 Ra4+ 40.Kd3 
Ra3+ 1/2-1/2

[Event "POL-ch"]
[Site "Chorzow POL"]
[Date "2013.04.??"]
[Round "6"]
[White "Bulski, Krzysztof"]
[Black "Markowski, Tomasz"]
[Result "0-1"]
[WhiteElo "2549"]
[BlackElo "2558"]
[EventDate "2013.04.13"]
[PlyCount "72"]

1.d4 Nf6 2.c4 c5 3.d5 b5 4.cxb5 a6 5.bxa6 g6 6.Nc3 Bxa6 7.e4 Bxf1 8.Kxf1 
d6 9.Nf3 Bg7 10.g3 O-O 11.Kg2 Na6 12.Qe2 Nc7 13.Rd1 Ra6 14.Rb1 Qa8 15.Bd2 
Rb8 16.Be1 Nd7 17.a3 Rab6 18.Qc2 Qa6 19.Qa4 Qxa4 20.Nxa4 Ra6 21.Nc3 Nb6 
22.b4 c4 23.Nd4 Rxa3 24.Nc6 Rba8 25.Rbc1 Kf8 26.Na5 Bxc3 27.Bxc3 Nb5 28.
Bd4 Nxd4 29.Rxd4 Rc8 30.Rd2 Ra4 31.Rb2 f5 32.f3 c3 33.Rb3 Ra2+ 34.Kf1 Na4 
35.Kg1 Rd2 36.Nc6 c2 0-1

[Event "POL-ch"]
[Site "Chorzow POL"]
[Date "2013.04.??"]
[Round "6"]
[White "Pakleza, Zbigniew"]
[Black "Jaracz, Pawel"]
[Result "1/2-1/2"]
[WhiteElo "2486"]
[BlackElo "2548"]
[EventDate "2013.04.13"]
[PlyCount "59"]

1.d4 e6 2.Bf4 c5 3.e3 Nc6 4.c3 d5 5.Nd2 Bd6 6.Bg3 Nf6 7.Ngf3 O-O 8.Bd3 b6 
9.Ne5 Bb7 10.f4 Ne7 11.Qf3 Nf5 12.Bf2 Be7 13.Ng4 Nxg4 14.Qxg4 Nd6 15.Nf3 
a5 16.Qh3 Ne4 17.Bh4 Bxh4+ 18.Qxh4 Qxh4+ 19.Nxh4 Nd6 20.Nf3 Ba6 21.Kd2 
Bxd3 22.Kxd3 Rfc8 23.a4 Rab8 24.Nd2 f6 25.Rhe1 Rc7 26.Kc2 f5 27.Nf3 Nc4 
28.Nd2 Nd6 29.Nf3 Nc4 30.Nd2 1/2-1/2